| 000 | 01744nam a2200517 i 4500 | ||
|---|---|---|---|
| 001 | 20013 | ||
| 003 | KOSZ 005 | ||
| 005 | 20220314095713.0 | ||
| 008 | 000114s1981 pl a f |000 0 pol | ||
| 015 | _aPB 1981/8439 | ||
| 035 | _a991012729729705066 | ||
| 035 | _a(PL-WaBN)b1344069x-48omnis_nlop | ||
| 035 | _ab1344069x | ||
| 035 | _a(OCoLC)830209090 | ||
| 035 | _a(PL)b0000001344069 | ||
| 035 | _a(EXLNZ-48OMNIS_NETWORK)9910235581505606 | ||
| 040 |
_aWA N _cWA N _dKOSZ 005/HR |
||
| 041 | 0 |
_apol _brus _beng |
|
| 046 | _k1981 | ||
| 080 | _a699.8 | ||
| 080 | _a691 | ||
| 080 | _a620.197 | ||
| 245 | 0 | 0 |
_aPrace Instytutu Techniki Budowlanej w dziedzinie ochrony przed biodegradacją : _bpraca zbiorowa / _c[pod kier. Jerzego Michalaka]. |
| 260 |
_aWarszawa : _bWydaw-a ITB, _c1981. |
||
| 300 |
_a144 s. : _bil., tab., wykr. ; _c23 cm. |
||
| 336 |
_2rdacontent _aTekst _btxt |
||
| 337 |
_2rdamedia _aBez urządzenia pośredniczącego _bn |
||
| 338 |
_2rdacarrier _aWolumin _bnc |
||
| 380 | _aKsiążki | ||
| 380 | _aPublikacje naukowe | ||
| 388 | _a1901-2000 | ||
| 388 | _a1945-1989 | ||
| 490 | 1 | _aPrace Naukowe Instytutu Techniki Budowlanej. Studia | |
| 504 | _aBibliogr. przy rozdz. | ||
| 546 | _aStreszcz. ros., ang. przy rozdz. | ||
| 658 | _aArchitektura i budownictwo | ||
| 650 | 7 | _aZapobieganie | |
| 650 | 7 |
_aMateriały budowlane _2DBN |
|
| 650 | 7 | _aOchrona | |
| 650 | 7 |
_aKorozja biologiczna _2DBN |
|
| 700 | 1 |
_aMichalak, Jerzy _eOpracowanie |
|
| 856 |
_uhttp://koha.tu.koszalin.pl/cgi-bin/koha/opac-detail.pl?biblionumber=20013 _yKatalog online BPK |
||
| 830 | 0 |
_aPrace Naukowe Instytutu Techniki Budowlanej. _pStudia |
|
| 942 |
_2UKD _cKS |
||
| 999 |
_c20013 _d20013 |
||